000 01232nam a2200385 a 4500
001 vtls000025626
003 NLI
005 20210601182735.0
008 101125s1996 nyua 001 0 eng
020 _a0412064219
_c£ 65.00
039 9 _y201011250215
_zVLOAD
040 0 _aNLI
_beng
_cVERGIS-2003
041 0 _aeng
044 _anyu
082 0 4 _a668.0284
100 1 _aBarbosa-Canovas, Gustavo V.
_977445
245 1 0 _aDehydration of foods/
_cGustavo V. Barbosa-Canovas and Humberto Vega-Mercado
260 _aNew York:
_bChapman and Hall,
_cc1996
300 _a330 p.:
_bill.;
_c23 cm.
440 0 _aDehydration of foods
_977446
500 _aIncludes index
650 0 _aFood
_xDrying
_976362
650 0 _aFood
_xPackaging
_962156
700 1 _aVega-Mercado, Humberto,
_4jt. aut
_977447
887 _aM. Jansi
901 _a528364
_b20/02/1997
902 _aE 668.0284 B 234
903 _a17/03/2004
904 _aM. Jansi
906 _a025462
949 _AVIRTUAITEM
_D10000
_F1
_X100
_6PUR000528364ENG
_aE 668.0284 B234
942 _2ddc
_cBKS
999 _aVIRTUA
_c29263
_d29263
999 _aVTLSSORT0080*0200*0400*0410*0440*0820*1000*2450*2600*3000*4400*5000*6500*6501*7000*8520*9010*9020*9030*9040*9060*9490*9991